[Event "AUTO-ADV-4423"]
[Site "http://www.queenalice.com/game.php?id=1633273"]
[Date "2020.11.16"]
[Round "1"]
[White "clovis"]
[Black "oevidalr"]
[Result "1-0"]
[WhiteElo "2061"]
[BlackElo "1758"]

1. e4 e5 2. Nf3 Nc6 3. Bc4 h6 4. O-O Nf6 5. Nc3 Bb4 6. d4 Bxc3 7. bxc3 O-O 8.
dxe5 Nxe4 9. Re1 Nxc3 10. Qd3 Na4 11. Ba3 d6 12. e6 Bxe6 13. Bxe6 fxe6 14. Rxe6
Rf6 15. Rae1 Qd7 16. Rxf6 gxf6 17. Qc4+ Kg7 18. Qxa4 Qf5 19. Nd4 Nxd4 20. Qxd4
Qxc2 21. Re7+ Kf8 22. Qxf6+ 1-0

[Event "AUTO-ADV-4423"]
[Site "http://www.queenalice.com/game.php?id=1633274"]
[Date "2020.11.16"]
[Round "1"]
[White "oevidalr"]
[Black "DAlessandro"]
[Result "0-1"]
[WhiteElo "1754"]
[BlackElo "1826"]

1. e4 c5 2. Bc4 e5 3. Nf3 h6 4. Nxe5 d5 5. Bxd5 Qc7 6. Nxf7 Rh7 7. Qh5 Nf6 8.
Qg6 Kd7 9. Qxh7 Nxh7 10. d3 Ke7 11. g3 Be6 12. Bf4 Qb6 13. Bxe6 Qxe6 14. Ne5 g5
15. Bxg5+ Nxg5 16. f4 Nf7 17. Nf3 Nc6 18. Nc3 Nb4 19. O-O-O Kd7 20. f5 Qd6 21.
Kb1 Rd8 22. Nb5 Qa6 23. Na3 Kc7 24. c3 Nc6 25. Nd2 Rxd3 26. Rhe1 Kb8 27. Ndc4
Rxd1+ 28. Rxd1 Kc7 29. g4 Ng5 30. Ne3 Qe2 31. Nd5+ Kc8 32. Kc1 Qxe4 33. Nb5 Qxg4
34. Nf6 Qf4+ 35. Kc2 Qxf5+ 36. Kb3 c4+ 37. Ka4 Qc2+ 0-1

[Event "AUTO-ADV-4423"]
[Site "http://www.queenalice.com/game.php?id=1633275"]
[Date "2020.11.16"]
[Round "1"]
[White "DAlessandro"]
[Black "oevidalr"]
[Result "1-0"]
[WhiteElo "1839"]
[BlackElo "1738"]

1. c4 e5 2. Nc3 Nf6 3. d3 Bb4 4. Bd2 Bxc3 5. Bxc3 d6 6. e4 O-O 7. Nf3 Bg4 8. Be2
Nc6 9. b4 h6 10. O-O Qd7 11. a4 Nh5 12. c5 Nf4 13. b5 Ne7 14. cxd6 cxd6 15. Bb4
Neg6 16. Bd2 Rac8 17. Rc1 Rxc1 18. Bxc1 Rc8 19. Re1 Bh3 20. Bf1 Qg4 21. g3 Rc3
22. Re3 Nh4 23. Bxh3 Qxh3 24. Nxh4 g5 25. gxf4 Qxh4 26. fxg5 hxg5 27. Rg3 f6 28.
Be3 Rc7 29. Qg4 Qh6 30. Rh3 Qg6 31. Rh5 Rh7 32. Qc8+ Kg7 33. Qxb7+ Kg8 34. Qb8+
Kg7 35. Qc7+ Kg8 36. Rxh7 Qxh7 37. Qxh7+ Kxh7 38. Bxa7 Kg7 39. b6 1-0

[Event "AUTO-ADV-4368"]
[Site "http://www.queenalice.com/game.php?id=1634352"]
[Date "2020.11.26"]
[Round "2"]
[White "thw"]
[Black "oevidalr"]
[Result "1-0"]
[WhiteElo "1894"]
[BlackElo "1726"]

1. e4 c5 2. Nf3 Nc6 3. b3 Nf6 4. Bb2 d6 5. Nc3 e5 6. h3 b5 7. Nxb5 Rb8 8. Nc3
Nd4 9. Bc4 Be7 10. O-O O-O 11. d3 Nh5 12. Nd5 Bb7 13. Nxd4 Nf4 14. Nxe7+ Qxe7
15. Nf3 Qf6 16. Bc1 h6 17. Bxf4 Qxf4 18. Qd2 Qf6 19. a4 Rfe8 20. Nh2 Rbd8 21. f4
exf4 22. Qxf4 Qxf4 23. Rxf4 Kh8 24. Rxf7 Rf8 25. Rxb7 a5 26. Rf1 Rxf1+ 27. Kxf1
Rf8+ 28. Ke2 1-0

[Event "AUTO-ADV-4368"]
[Site "http://www.queenalice.com/game.php?id=1634353"]
[Date "2020.11.26"]
[Round "2"]
[White "oevidalr"]
[Black "thw"]
[Result "1-0"]
[WhiteElo "1735"]
[BlackElo "1913"]

1. d4 d5 2. c4 e6 3. Nf3 Nf6 4. Bg5 Be7 5. Nc3 dxc4 6. e4 O-O 7. Bxc4 h6 8. Bh4
Nbd7 9. O-O Bb4 10. e5 g5 11. exf6 gxh4 12. Ne5 Nxf6 13. Ne4 Nxe4 14. Qg4+ Ng5
15. f4 Kh7 16. fxg5 hxg5 17. Qh5+ Kg8 18. Bd3 Qxd4+ 19. Kh1 f5 20. Qxg5+ 1-0

[Event "AUTO-ADV-4368"]
[Site "http://www.queenalice.com/game.php?id=1634358"]
[Date "2020.11.26"]
[Round "2"]
[White "oevidalr"]
[Black "Torbencarlsen"]
[Result "0-1"]
[WhiteElo "1665"]
[BlackElo "2334"]

1. e4 e5 2. Nf3 Nc6 3. Bb5 a6 4. Ba4 Nf6 5. d3 d6 6. O-O Be7 7. Bg5 O-O 8. Nc3
Bg4 9. h3 Bxf3 10. Qxf3 Nd4 11. Qg3 b5 12. Bb3 b4 0-1

[Event "AUTO-ADV-4368"]
[Site "http://www.queenalice.com/game.php?id=1634359"]
[Date "2020.11.26"]
[Round "2"]
[White "Torbencarlsen"]
[Black "oevidalr"]
[Result "1-0"]
[WhiteElo "2333"]
[BlackElo "1667"]

1. e4 c5 2. Nf3 Nc6 3. d4 cxd4 4. Nxd4 e5 5. Nb5 Qa5+ 6. Qd2 Qb6 7. N1a3 Bxa3 8.
Nxa3 Nf6 9. Nc4 Qc5 10. b4 Nxb4 11. Ba3 a5 12. c3 Nxe4 13. cxb4 1-0

[Event "AUTO-ADV-4368"]
[Site "http://www.queenalice.com/game.php?id=1634360"]
[Date "2020.11.26"]
[Round "2"]
[White "oevidalr"]
[Black "Rolando9302"]
[Result "0-1"]
[WhiteElo "1669"]
[BlackElo "2251"]

1. d4 Nf6 2. Nc3 d5 3. Bg5 c5 4. Nf3 Ne4 5. e3 Qa5 6. dxc5 Nxc3 7. bxc3 Qxc3+ 8.
Nd2 e5 9. Bb5+ Nc6 10. O-O h6 11. Bh4 a6 12. Bxc6+ bxc6 13. e4 Be6 14. Nf3 f6
15. Rb1 dxe4 16. Ne1 h5 17. f3 Bxc5+ 18. Bf2 e3 19. Bxe3 Bxe3+ 0-1

[Event "AUTO-ADV-4368"]
[Site "http://www.queenalice.com/game.php?id=1634361"]
[Date "2020.11.26"]
[Round "2"]
[White "Rolando9302"]
[Black "oevidalr"]
[Result "1-0"]
[WhiteElo "2250"]
[BlackElo "1671"]

1. Nf3 Nc6 2. c4 d6 3. d4 g6 4. Nc3 Bg4 5. d5 Ne5 6. Nxe5 dxe5 7. h3 Bf5 8. e4
Bd7 9. Be2 Bg7 10. O-O c6 11. Qb3 Nf6 12. Qxb7 O-O 13. dxc6 Rb8 14. Qxa7 Bxc6
15. Rd1 Qc8 16. Bf3 Ra8 17. Qc5 Qb7 18. Qe3 Rac8 19. b3 1-0

[Event "AUTO-ADV-4384"]
[Site "http://www.queenalice.com/game.php?id=1635226"]
[Date "2020.12.3"]
[Round "2"]
[White "oevidalr"]
[Black "jenyasm"]
[Result "1-0"]
[WhiteElo "1721"]
[BlackElo "1653"]

1. d4 d5 2. c4 dxc4 3. e4 e6 4. Bxc4 Nf6 5. Nc3 Bb4 6. Bg5 O-O 7. a3 Ba5 8. Nf3
Nbd7 9. O-O Qe8 10. e5 Nd5 11. Nxd5 exd5 12. Bxd5 Nb6 13. Be4 Nd7 14. Qd3 f6 15.
exf6 Nxf6 16. Bxf6 Rxf6 17. Ng5 Rh6 18. Bxh7+ Kh8 19. b4 Bb6 20. Rae1 Qc6 21.
Nf7# 1-0

[Event "AUTO-ADV-4384"]
[Site "http://www.queenalice.com/game.php?id=1635227"]
[Date "2020.12.3"]
[Round "2"]
[White "jenyasm"]
[Black "oevidalr"]
[Result "0-1"]
[WhiteElo "1667"]
[BlackElo "1715"]

1. e4 e5 2. Nf3 Nc6 3. Bc4 h6 4. O-O Nf6 5. Nc3 Bb4 6. a3 Bc5 7. h3 O-O 8. d3 d6
9. b4 Bd4 10. Bb2 Nh5 11. Nxd4 Nxd4 12. Qxh5 Nxc2 13. Rac1 Nd4 14. Ne2 Nxe2+ 15.
Qxe2 Qg5 16. Rcd1 Bxh3 17. Qf3 Bg4 0-1

[Event "AUTO-ADV-4384"]
[Site "http://www.queenalice.com/game.php?id=1635228"]
[Date "2020.12.3"]
[Round "2"]
[White "oevidalr"]
[Black "MarcosT"]
[Result "0-1"]
[WhiteElo "1707"]
[BlackElo "1949"]

1. d4 d5 2. c4 c6 3. Nf3 Nf6 4. Nc3 g6 5. Bg5 Bg7 6. e3 Bg4 7. h3 Bxf3 8. Qxf3
O-O 9. cxd5 Qb6 10. b3 Nbd7 11. dxc6 bxc6 12. Bd3 Qa5 13. Rc1 Nd5 14. O-O Nxc3
15. e4 Qxg5 16. Rxc3 Bxd4 17. Rc4 Ne5 18. Qe2 Nxc4 19. Bxc4 c5 20. Kh1 Kg7 21.
f4 Qg3 22. Rf3 Qh4 23. f5 Qg5 24. Qe1 a5 25. fxg6 hxg6 26. Qe2 Qc1+ 27. Rf1 Qb2
28. Qg4 Rad8 29. h4 e6 30. h5 Rh8 31. Bxe6 Rxh5+ 0-1

[Event "AUTO-ADV-4384"]
[Site "http://www.queenalice.com/game.php?id=1635229"]
[Date "2020.12.3"]
[Round "2"]
[White "MarcosT"]
[Black "oevidalr"]
[Result "1-0"]
[WhiteElo "1922"]
[BlackElo "1734"]

1. d4 d5 2. c4 c6 3. Nc3 Nf6 4. e3 Bf5 5. cxd5 cxd5 6. Bb5+ Bd7 7. Qa4 a6 8.
Bxd7+ Nbxd7 9. Nf3 e6 10. Ne5 Bd6 11. Nxd7 b5 12. Nxf6+ Qxf6 13. Nxb5 Bb8 14.
Nc7+ Kd8 15. Nxa8 Bc7 16. Nxc7 Kxc7 17. Qxa6 Rb8 18. Bd2 Rb6 19. Ba5 e5 20. Rc1+
1-0

[Event "AUTO-ADV-4384"]
[Site "http://www.queenalice.com/game.php?id=1635230"]
[Date "2020.12.3"]
[Round "2"]
[White "oevidalr"]
[Black "z3r0vulc4n"]
[Result "1-0"]
[WhiteElo "1745"]
[BlackElo "1822"]

1. d4 d5 2. Nc3 Nf6 3. Bf4 c6 4. e3 e6 5. Bd3 Bd6 6. Bxd6 Qxd6 7. Nf3 O-O 8. Ne5
Nbd7 9. f4 c5 10. O-O cxd4 11. exd4 Nb6 12. Nb5 Qc6 13. Nxc6 bxc6 14. Nc7 Rb8
15. Na6 Rb7 16. Nb4 Bd7 17. Qf3 Nc4 18. Bxc4 dxc4 19. Nxc6 Bxc6 20. Qxc6 Rxb2
21. Qc7 Rxc2 22. Rab1 Nd5 23. Qxa7 Ne3 24. Rf2 Rxf2 25. Kxf2 Nf5 26. Rb8 g6 27.
Rxf8+ Kxf8 28. Qb8+ Kg7 29. a4 Nxd4 30. Qe5+ 1-0

[Event "AUTO-ADV-4384"]
[Site "http://www.queenalice.com/game.php?id=1635231"]
[Date "2020.12.3"]
[Round "2"]
[White "z3r0vulc4n"]
[Black "oevidalr"]
[Result "1-0"]
[WhiteElo "1785"]
[BlackElo "1735"]

1. d4 d5 2. Nf3 c5 3. e3 a6 4. a4 Nf6 5. c4 Bg4 6. Nbd2 e6 7. Be2 Bd6 8. O-O h6
9. Qb3 Qc7 10. h3 Bxf3 11. Nxf3 O-O 12. cxd5 exd5 13. dxc5 Qxc5 14. Qxb7 Nc6 15.
Qb3 Rab8 16. Qc3 Qxc3 17. bxc3 Ne4 18. Bxa6 Nxc3 19. Bb2 Ne2+ 20. Bxe2 Rxb2 21.
Bb5 Nb4 22. Nd4 Be5 23. Rab1 Rxb1 24. Rxb1 Bxd4 25. exd4 Nc2 26. Rc1 Nxd4 27.
Rd1 Nxb5 28. axb5 Rd8 29. b6 Rd6 30. b7 Rb6 31. Rxd5 Rxb7 32. Kf1 Rb1+ 33. Ke2
Kh7 34. f4 Kg6 35. g4 Rh1 36. f5+ Kf6 37. Kf3 Rxh3+ 38. Kg2 Re3 39. Kf2 1-0

[Event "AUTO-OPEN-4223"]
[Site "http://www.queenalice.com/game.php?id=1635877"]
[Date "2020.12.9"]
[Round "2"]
[White "oevidalr"]
[Black "maurice91"]
[Result "0-1"]
[WhiteElo "1690"]
[BlackElo "1703"]

1. d4 d5 2. Nc3 e6 3. Nf3 Nf6 4. Bg5 Be7 5. e3 c5 6. dxc5 Bxc5 7. Ne5 Bd7 8. Bb5
Nc6 9. Bxc6 bxc6 10. O-O Be7 11. Nxd7 Qxd7 12. a3 O-O 13. h3 h6 14. Bh4 Rab8 15.
e4 Rbd8 16. e5 Nh7 17. Bxe7 Qxe7 18. Qg4 g5 19. f4 f6 20. exf6 Nxf6 21. Qg3 Nh7
22. fxg5 Qxg5 23. Rxf8+ Rxf8 24. Qd6 Qe3+ 25. Kh2 Ng5 26. Qg3 Qd2 27. h4 Qxc2
0-1

[Event "AUTO-OPEN-4223"]
[Site "http://www.queenalice.com/game.php?id=1635878"]
[Date "2020.12.9"]
[Round "2"]
[White "maurice91"]
[Black "oevidalr"]
[Result "1-0"]
[WhiteElo "1686"]
[BlackElo "1707"]

1. d4 d5 2. Bf4 Nc6 3. e3 Nf6 4. Nf3 Bg4 5. Be2 e6 6. Nbd2 Bd6 7. Ne5 Bxe2 8.
Qxe2 Bxe5 9. dxe5 Nd7 10. Nf3 Qe7 11. Qb5 Rb8 12. O-O O-O 13. a4 a6 14. Qb3 f6
15. exf6 Rxf6 16. Ne5 d4 17. Nxc6 bxc6 18. Qd3 Nc5 19. Qxd4 Nd7 20. Bxc7 Rb4 21.
Qd6 Qxd6 22. Bxd6 Rxb2 23. c4 e5 24. Ba3 Rc2 25. Be7 Re6 26. Bh4 Rxc4 27. Bg3
1-0

[Event "AUTO-OPEN-4223"]
[Site "http://www.queenalice.com/game.php?id=1635879"]
[Date "2020.12.9"]
[Round "2"]
[White "oevidalr"]
[Black "Profnabor"]
[Result "0-1"]
[WhiteElo "1760"]
[BlackElo "2063"]

1. d4 Nf6 2. c4 d5 3. Nc3 dxc4 4. e4 e6 5. a3 a6 6. Bxc4 b5 7. Bb3 Bb7 8. f3 Be7
9. Nh3 O-O 10. O-O Nc6 11. Bc2 Na7 12. e5 Nd5 13. Qd3 g6 14. Bh6 Re8 15. Ne4 Bf8
16. Bg5 Be7 17. Bh6 f5 18. Nf6+ Nxf6 19. exf6 Bxf6 20. Kh1 Qxd4 21. Qb3 Bd5 22.
Qb4 Qxb2 23. Qxb2 Bxb2 24. Rab1 Bc4 25. Rfe1 Bxa3 26. Bb3 Bxb3 27. Rxb3 Bd6 28.
Ng5 Nc6 29. g3 b4 30. Nxe6 a5 31. Nxc7 Rxe1+ 32. Kg2 Bxc7 0-1

[Event "AUTO-OPEN-4223"]
[Site "http://www.queenalice.com/game.php?id=1635880"]
[Date "2020.12.9"]
[Round "2"]
[White "Profnabor"]
[Black "oevidalr"]
[Result "1-0"]
[WhiteElo "2059"]
[BlackElo "1764"]

1. e4 e5 2. Nf3 Nc6 3. d4 d6 4. dxe5 dxe5 5. Qxd8+ Nxd8 6. Nxe5 Bc5 7. Bc4 Be6
8. Bxe6 Nxe6 9. O-O Nd4 10. Na3 Nf6 11. c3 Ne6 12. Re1 O-O 13. b4 Bd6 14. Nac4
b5 15. Nxd6 cxd6 16. Nf3 Rac8 17. Bd2 a6 18. a4 Nf4 19. Bxf4 Rfd8 20. axb5 axb5
21. Nd4 h6 22. Nxb5 d5 23. e5 Nh5 24. Be3 Rb8 25. Na7 Rb7 26. g4 d4 27. Nc6 Rc8
28. Nxd4 Rxc3 29. gxh5 Rxb4 30. Ra8+ Kh7 31. Bd2 1-0

[Event "AUTO-ADV-4369"]
[Site "http://www.queenalice.com/game.php?id=1638495"]
[Date "2021.1.1"]
[Round "2"]
[White "oevidalr"]
[Black "uschmidi"]
[Result "0-1"]
[WhiteElo "1715"]
[BlackElo "2016"]

1. d4 d5 2. c4 e6 3. Nc3 c6 4. Nf3 Bd6 5. Bg5 Nf6 6. a3 O-O 7. e4 dxe4 8. Nxe4
Be7 9. Bxf6 Bxf6 10. Bd3 Bxd4 11. Nxd4 Qxd4 0-1

[Event "AUTO-ADV-4369"]
[Site "http://www.queenalice.com/game.php?id=1638496"]
[Date "2021.1.1"]
[Round "2"]
[White "uschmidi"]
[Black "oevidalr"]
[Result "1-0"]
[WhiteElo "2020"]
[BlackElo "1711"]

1. d4 Nf6 2. e3 d5 3. f4 a6 4. Nf3 Nc6 5. c3 Bg4 6. Bd3 e6 7. O-O Bd6 8. Nbd2
O-O 9. Qe1 h6 10. Ne5 Bf5 11. Bxf5 exf5 12. Qh4 1-0